Superman Quiz - Statistics

General Stats
  • This quiz has been taken 1,267 times
  • The average score is 10 of 15
Answer Stats
Hint Answer % Correct
What is Superman's Alter-ego? Clark Kent
96%
What is the name of Superman's Dog? Krypto
95%
DC or Marvel? DC
92%
What is Superman's main weakness? Kryptonite
88%
Where did his alter-ego work? Daily Planet
87%
What is the name of Superman's Nemisis? Lex Luthor
86%
Who is Superman's Sweetheart? Lois Lane
86%
What organisation is Superman primarily in? The Justice League
77%
Which Villain killed Superman in "Superman#75"? Doomsday
72%
Which Super villain is a complete opposite of Superman? Bizarro
63%
What is the Dimensional Plane where Kryptonian criminals are sent? The Phantom Zone
60%
Which memeber of the Superman family dies in "Crisis on Infinte Earths #7"? Supergirl
55%
What is that villains alter-ego? Kent Clark
40%
What is Clark Kent's middle name? Joseph
24%
Which actor named his son Kal-El? Nicolas Cage
23%
No matching quizzes found
Score Distribution
Percent of People with Each Score
Percentile by Number Answered
Your Score History
You have not taken this quiz